[Event "FRA T I 120102011"]
[Site "FRA"]
[Date "2010.11.14"]
[Round "3.5"]
[White "Muratet, Lucas"]
[Black "Coustance, Kevin"]
[Result "1-0"]
[WhiteElo "2087"]
[BlackElo "2006"]
[PlyCount "109"]
[EventDate "2010.10.17"]
[EventType "team-match"]
[EventRounds "9"]
[EventCountry "FRA"]
[Source "FFE"]
[SourceDate "2010.10.29"]
[WhiteTeamCountry "FRA"]
[BlackTeamCountry "FRA"]

1. e4 c5 2. Nf3 d6 3. d4 cxd4 4. Nxd4 Nf6 5. Nc3 a6 6. Bg5 e5 7. Nf5 Bxf5 8.
exf5 Be7 9. Bxf6 Bxf6 10. Qd5 Nc6 11. Ne4 Be7 12. c3 Qa5 13. O-O-O Qxd5 14.
Rxd5 O-O-O 15. Bc4 Kc7 16. Rhd1 h6 17. R5d3 Rhf8 18. Rg3 Bf6 19. Rgd3 Be7 20.
Kc2 b5 21. Bd5 Na5 22. Rg3 Bf6 23. Nxf6 gxf6 24. Rg7 Nc6 25. Rxf7+ Rxf7 26.
Bxf7 Ne7 27. Be6 d5 28. Rd3 Kd6 29. Rg3 e4 30. Rg7 Rf8 31. Rh7 b4 32. cxb4 d4
33. Rxh6 Ke5 34. Rh7 Nxf5 35. Bxf5 Kxf5 36. Rh5+ Kg6 37. Ra5 Rc8+ 38. Rc5 Rh8
39. h3 Rd8 40. Kd2 f5 41. g3 Rd6 42. a3 Re6 43. b5 axb5 44. Rxb5 Rc6 45. Rb3
Kg5 46. a4 Rh6 47. a5 Rc6 48. Ra3 f4 49. gxf4+ Kxf4 50. a6 d3 51. a7 Rc2+ 52.
Kd1 Rxf2 53. a8=Q Rf1+ 54. Kd2 Rf2+ 55. Ke1 1-0

[Event "FRA T I 120102011"]
[Site "FRA"]
[Date "2010.11.13"]
[Round "2.8"]
[White "Herrero, Alain"]
[Black "Seelen, Amandine"]
[Result "1/2-1/2"]
[WhiteElo "1773"]
[BlackElo "1660"]
[PlyCount "107"]
[EventDate "2010.10.17"]
[EventType "team-match"]
[EventRounds "9"]
[EventCountry "FRA"]
[Source "FFE"]
[SourceDate "2010.10.29"]
[WhiteTeamCountry "FRA"]
[BlackTeamCountry "FRA"]

1. d4 d5 2. c4 c6 3. Nf3 Nf6 4. Nc3 Bf5 5. e3 Nbd7 6. Be2 e6 7. O-O Bd6 8. a3
O-O 9. b4 dxc4 10. Bxc4 b5 11. Bd3 Bxd3 12. Qxd3 a5 13. bxa5 Rxa5 14. e4 e5 15.
d5 cxd5 16. Nxd5 b4 17. a4 Nxd5 18. exd5 Nf6 19. Bg5 e4 20. Bxf6 exd3 21. Bxd8
Rxd8 22. Rfd1 Rxd5 23. Nd2 Be5 24. Ra2 Rc8 25. Nb3 Bc3 26. Kf1 Re8 27. g3 d2
28. Nxd2 b3 29. Ra3 Rxd2 30. Rxd2 Bxd2 31. Rxb3 h6 32. Rb2 Ba5 33. f3 Re1+ 34.
Kf2 Ra1 35. h4 Rxa4 36. g4 Rd4 37. Rb7 Rb4 38. Rd7 h5 39. Kg3 hxg4 40. fxg4
Rb3+ 41. Kf4 Be1 42. h5 Bg3+ 43. Kf5 Rf3+ 44. Kg5 Rf4 45. h6 f6+ 46. Kh5 gxh6
47. Kg6 Rxg4+ 48. Kxf6 Bh4+ 49. Kf5 Rg7 50. Rxg7+ Kxg7 51. Kg4 Bg5 52. Kh3 Kg6
53. Kg2 Kf5 54. Kh1 1/2-1/2

[Event "FRA T I 120102011"]
[Site "FRA"]
[Date "2010.10.17"]
[Round "1.4"]
[White "Martinet, Regis"]
[Black "Champ, Gael"]
[Result "1-0"]
[WhiteElo "2055"]
[BlackElo "2095"]
[PlyCount "107"]
[EventDate "2010.10.17"]
[EventType "team-match"]
[EventRounds "9"]
[EventCountry "FRA"]
[Source "FFE"]
[SourceDate "2010.10.29"]
[WhiteTeamCountry "FRA"]
[BlackTeamCountry "FRA"]

1. d4 Nf6 2. c4 g6 3. Nc3 d5 4. cxd5 Nxd5 5. e4 Nxc3 6. bxc3 Bg7 7. Be3 c5 8.
Rc1 Qa5 9. Qd2 O-O 10. Nf3 Rd8 11. d5 e6 12. c4 Qxd2+ 13. Nxd2 b6 14. Be2 Nd7
15. f4 Bb7 16. Bf3 Bh6 17. Kf2 e5 18. g3 f5 19. h4 fxe4 20. Nxe4 Rf8 21. Ng5
Bxg5 22. hxg5 Rae8 23. Bg4 exf4 24. Bxf4 Ne5 25. Be2 b5 26. cxb5 Bxd5 27. Rhd1
Bxa2 28. Rxc5 h6 29. Kg1 Nf7 30. Rd2 hxg5 31. Rxa2 gxf4 32. gxf4 Re7 33. Bc4
Kg7 34. Rg2 Nd6 35. Bd3 Ne4 36. Re5 Rxe5 37. fxe5 Rf4 38. Ra2 Nc5 39. Rxa7+ Kh6
40. Bf1 Re4 41. Re7 Kg5 42. Bg2 Rb4 43. Bc6 Rb2 44. Re8 Kf5 45. e6 Kf6 46. Bd7
g5 47. Rc8 Ne4 48. Rf8+ Ke7 49. Rf7+ Kd8 50. Bc6 Rb1+ 51. Kg2 Rb2+ 52. Kf3 Nd2+
53. Kg4 Rb4+ 54. Kxg5 1-0

[Event "FRA T I 120102011"]
[Site "FRA"]
[Date "2010.10.17"]
[Round "1.7"]
[White "Berthelot, Nathan"]
[Black "Pokee, Anne"]
[Result "0-1"]
[WhiteElo "1926"]
[BlackElo "1996"]
[PlyCount "106"]
[EventDate "2010.10.17"]
[EventType "team-match"]
[EventRounds "9"]
[EventCountry "FRA"]
[Source "FFE"]
[SourceDate "2010.10.29"]
[WhiteTeamCountry "FRA"]
[BlackTeamCountry "FRA"]

1. e4 e5 2. Nf3 Nc6 3. d4 exd4 4. Nxd4 Bc5 5. Nxc6 Qf6 6. Qf3 dxc6 7. Bc4 Be6
8. Bxe6 Qxe6 9. Nc3 O-O-O 10. O-O Nf6 11. Be3 Bd4 12. Rfd1 Bxc3 13. bxc3 Qxe4
14. Qxe4 Nxe4 15. Bd4 f6 16. f3 Nd6 17. a4 b6 18. Re1 Rhe8 19. Kf2 Rxe1 20.
Rxe1 Re8 21. Rb1 Nc4 22. Rb4 Na3 23. a5 c5 24. Ra4 Nxc2 25. axb6 cxd4 26. bxa7
Kb7 27. cxd4 Ra8 28. d5 Rxa7 29. Re4 Ra5 30. d6 cxd6 31. Re7+ Kc6 32. Rxg7 h5
33. Rg6 Rf5 34. h3 Kd5 35. g4 hxg4 36. hxg4 Rf4 37. Kg3 Ke5 38. Rg8 Rc4 39. f4+
Ke6 40. Re8+ Kf7 41. Ra8 Nd4 42. f5 Nc6 43. Ra6 Ke7 44. Rb6 Ne5 45. Rb7+ Kd8
46. Rg7 Rxg4+ 47. Rxg4 Nxg4 48. Kxg4 d5 49. Kf4 Kc7 50. Ke3 Kc6 51. Kd3 Kc5 52.
Kc3 d4+ 53. Kd2 Kd5 0-1

[Event "FRA T I 120102011"]
[Site "FRA"]
[Date "2010.11.13"]
[Round "2.1"]
[White "Laclau, Daniel"]
[Black "Boyd, Stephen"]
[Result "1-0"]
[WhiteElo "2277"]
[BlackElo "2306"]
[PlyCount "106"]
[EventDate "2010.10.17"]
[EventType "team-match"]
[EventRounds "9"]
[EventCountry "FRA"]
[Source "FFE"]
[SourceDate "2010.10.29"]
[WhiteTeamCountry "FRA"]
[BlackTeamCountry "FRA"]

1. d4 Nf6 2. Nf3 g6 3. c4 Bg7 4. Nc3 O-O 5. e4 d6 6. Be2 e5 7. O-O Nbd7 8. Re1
c6 9. Bf1 Qe7 10. Rb1 exd4 11. Nxd4 Re8 12. Bg5 Nc5 13. f3 Ne6 14. Nxe6 Bxe6
15. Nd5 Bxd5 16. cxd5 cxd5 17. Bb5 Rf8 18. exd5 Qd8 19. a4 a6 20. Bc4 Rc8 21.
Qb3 Qd7 22. Be3 Rfe8 23. Bf2 Qc7 24. Bf1 Nd7 25. Qb4 Rxe1 26. Rxe1 a5 27. Qb3
Nc5 28. Qc2 Bf6 29. Bb5 Kg7 30. Be3 Qd8 31. Qd2 h5 32. Kh1 Be5 33. Bh6+ Kh7 34.
Bg5 Bf6 35. Re8 Bxg5 36. Rxd8 Bxd8 37. Qf4 Kg7 38. g4 hxg4 39. fxg4 Be7 40. g5
Rf8 41. Kg2 f6 42. Qd4 Kf7 43. Qf4 Kg7 44. Qd4 Kf7 45. Qc3 b6 46. Qh3 fxg5 47.
Bd7 Kg7 48. Be6 Rf4 49. b3 Bf6 50. Bg4 Bd4 51. Bf3 Nd3 52. Bd1 Rf2+ 53. Kh1 Nf4
1-0

[Event "FRA T I 120102011"]
[Site "FRA"]
[Date "2010.11.13"]
[Round "2.1"]
[White "Collas, Didier"]
[Black "Relea, Nicolas"]
[Result "1-0"]
[WhiteElo "2420"]
[BlackElo "2198"]
[PlyCount "103"]
[EventDate "2010.10.17"]
[EventType "team-match"]
[EventRounds "9"]
[EventCountry "FRA"]
[Source "FFE"]
[SourceDate "2010.10.29"]
[WhiteTeamCountry "FRA"]
[BlackTeamCountry "FRA"]

1. d4 Nc6 2. Nf3 d5 3. Bf4 Nf6 4. e3 Bg4 5. c4 e6 6. Nc3 Be7 7. h3 Bxf3 8. Qxf3
O-O 9. a3 dxc4 10. Bxc4 Na5 11. Ba2 Qd7 12. O-O b5 13. b4 Nc4 14. Bxc4 bxc4 15.
Qe2 Nd5 16. Qxc4 Nxf4 17. exf4 Rfd8 18. Rfd1 c6 19. Rac1 a5 20. Na4 Qc7 21. b5
Rab8 22. Rc3 c5 23. Rb1 Qxf4 24. Nxc5 Rxd4 25. Qe2 Bd6 26. g3 Qf5 27. Rbc1 Rc8
28. Nb3 Rxc3 29. Rxc3 Qb1+ 30. Kg2 Rd1 31. Qf3 h5 32. b6 Rh1 33. Rc8+ Bf8 34.
Rxf8+ Kxf8 35. Qa8+ Ke7 36. Nd2 Rg1+ 37. Kh2 Qe1 38. Qb7+ Ke8 39. Qc8+ Ke7 40.
Qb7+ Kd8 41. Qc7+ Ke8 42. Qc8+ Ke7 43. Qc5+ Kd7 44. Qc7+ Ke8 45. Qc6+ Ke7 46.
Qf3 Rh1+ 47. Qxh1 Qxd2 48. Qf3 Qb2 49. b7 Qb6 50. Kg2 g6 51. Qe4 f5 52. Qe5 1-0

[Event "FRA T I 120102011"]
[Site "FRA"]
[Date "2010.11.14"]
[Round "3.4"]
[White "Martinet, Regis"]
[Black "Luminais, Eric"]
[Result "0-1"]
[WhiteElo "2063"]
[BlackElo "2182"]
[PlyCount "102"]
[EventDate "2010.10.17"]
[EventType "team-match"]
[EventRounds "9"]
[EventCountry "FRA"]
[Source "FFE"]
[SourceDate "2010.10.29"]
[WhiteTeamCountry "FRA"]
[BlackTeamCountry "FRA"]

1. d4 Nf6 2. c4 e6 3. Nc3 d5 4. cxd5 exd5 5. Bg5 Be7 6. e3 Nbd7 7. Bd3 O-O 8.
Nf3 b6 9. O-O Bb7 10. Rc1 Ne4 11. Bxe7 Qxe7 12. Nd2 c5 13. Re1 f5 14. f4 Nxd2
15. Qxd2 c4 16. Be2 a6 17. Bf3 Nf6 18. Na4 Nd7 19. g4 fxg4 20. Bxg4 Rf6 21. Bf3
Re8 22. Kh1 Re6 23. Bg4 Rg6 24. Bf3 Nf6 25. Nc3 Qd6 26. Rg1 Rxg1+ 27. Rxg1 Re7
28. Rg5 b5 29. Re5 b4 30. Nd1 Nd7 31. Rxe7 Qxe7 32. Qg2 Nb6 33. Qg4 g6 34. f5
Bc8 35. Qg3 Kg7 36. Qb8 Qf6 37. Qc7+ Kh6 38. Bxd5 Nxd5 39. Qxc8 Qxf5 40. Qxf5
gxf5 41. Kg2 c3 42. bxc3 bxc3 43. Nxc3 Nxc3 44. Kf3 Nxa2 45. Kf4 Kg6 46. Ke5
Nb4 47. h4 a5 48. h5+ Kf7 49. Kxf5 a4 50. e4 a3 51. d5 a2 0-1

[Event "FRA T I 120102011"]
[Site "FRA"]
[Date "2010.10.17"]
[Round "1.1"]
[White "Rodriguez Cespedes, Amador"]
[Black "Anic, Darko"]
[Result "1-0"]
[WhiteElo "2439"]
[BlackElo "2419"]
[PlyCount "102"]
[EventDate "2010.10.17"]
[EventType "team-match"]
[EventRounds "9"]
[EventCountry "FRA"]
[Source "FFE"]
[SourceDate "2010.10.29"]
[WhiteTeamCountry "FRA"]
[BlackTeamCountry "FRA"]

1. Nf3 c6 2. g3 d5 3. Bg2 g6 4. O-O Bg7 5. d4 Nf6 6. b3 O-O 7. Bb2 a5 8. c4 a4
9. Nbd2 Qa5 10. Rc1 Bf5 11. Ne5 Rd8 12. Re1 Ne4 13. Ndf3 Nd7 14. Nd3 b5 15.
cxd5 cxd5 16. Nfe5 a3 17. Ba1 Nxe5 18. Nxe5 Qb6 19. Nc6 Re8 20. f3 Nd6 21. Qd2
e5 22. Qb4 Bf8 23. Qc5 Qxc5 24. Rxc5 e4 25. Rxd5 exf3 26. Bxf3 Be4 27. Re5 f6
28. Rxe8 Rxe8 29. Kf2 Bh6 30. d5 Kf7 31. Bd4 Bc2 32. e3 Ne4+ 33. Ke2 Nd6 34.
Rc1 Be4 35. Bxe4 Nxe4 36. Nb4 Bf8 37. Rc7+ Re7 38. Rxe7+ Bxe7 39. Nc6 Bd6 40.
Na7 b4 41. Kd3 f5 42. Nc8 Bf8 43. Nb6 g5 44. Nc4 h5 45. Nd2 Nf2+ 46. Ke2 Ne4
47. Kd3 Nf2+ 48. Kc4 Nd1 49. Nf3 Be7 50. Ne5+ Ke8 51. Nd3 g4 1-0

[Event "FRA T I 120102011"]
[Site "FRA"]
[Date "2010.11.13"]
[Round "2.3"]
[White "Dargagnon, Remi"]
[Black "Buscara, Sevan"]
[Result "0-1"]
[WhiteElo "2043"]
[BlackElo "2234"]
[PlyCount "96"]
[EventDate "2010.10.17"]
[EventType "team-match"]
[EventRounds "9"]
[EventCountry "FRA"]
[Source "FFE"]
[SourceDate "2010.10.29"]
[WhiteTeamCountry "FRA"]
[BlackTeamCountry "FRA"]

1. e4 d5 2. exd5 Qxd5 3. Nc3 Qa5 4. d4 Nf6 5. Nf3 Bf5 6. Bc4 c6 7. Bd2 e6 8.
Nd5 Qd8 9. Nxf6+ gxf6 10. c3 Nd7 11. Qe2 Qc7 12. Nh4 Bg6 13. Qf3 O-O-O 14. O-O
Bd6 15. g3 f5 16. Ng2 e5 17. Rfe1 f4 18. gxf4 e4 19. Rxe4 Bxe4 20. Qxe4 Nb6 21.
Bb3 Kb8 22. Qf5 Rd7 23. c4 c5 24. d5 Rg8 25. Kf1 f6 26. Re1 Rdg7 27. Ne3 Bxf4
28. Qxf6 Rf7 29. Qe6 Rgf8 30. Re2 Bxh2 31. Ng4 Qg3 32. Qe5+ Qxe5 33. Nxe5 Bxe5
34. Rxe5 Rxf2+ 35. Ke1 Nd7 36. Re7 R2f7 37. Re6 h5 38. Rh6 Rf5 39. Be3 Ne5 40.
Kd2 Ng4 41. Rh7 Nxe3 42. Kxe3 Re5+ 43. Kd3 Rf3+ 44. Kd2 Rf2+ 45. Kd3 Rfe2 46.
Rh8+ Kc7 47. Rh7+ Kb6 48. Rh6+ Ka5 0-1

[Event "FRA T I 120102011"]
[Site "FRA"]
[Date "2010.11.14"]
[Round "3.1"]
[White "Petrossian, Armen"]
[Black "Marin, Mihail"]
[Result "0-1"]
[WhiteElo "2443"]
[BlackElo "2562"]
[PlyCount "96"]
[EventDate "2010.10.17"]
[EventType "team-match"]
[EventRounds "9"]
[EventCountry "FRA"]
[Source "FFE"]
[SourceDate "2010.10.29"]
[WhiteTeamCountry "FRA"]
[BlackTeamCountry "FRA"]

1. e4 e5 2. Nf3 Nc6 3. Bb5 a6 4. Bxc6 dxc6 5. O-O f6 6. d4 Bg4 7. dxe5 Qxd1 8.
Rxd1 fxe5 9. Rd3 Bd6 10. Nbd2 b5 11. b3 Ne7 12. Bb2 Ng6 13. g3 O-O 14. Kg2 Rf6
15. Ng5 h6 16. f3 Bd7 17. Nh3 Nh4+ 18. gxh4 Rg6+ 19. Kh1 Bxh3 20. Rg1 Rxg1+ 21.
Kxg1 Be6 22. Nf1 a5 23. Ne3 a4 24. Kg2 axb3 25. axb3 Ra2 26. Bc1 c5 27. Kg3 c4
28. bxc4 bxc4 29. Rd1 c3 30. Rd3 Ra1 31. Rd1 Kf7 32. Kf2 Bc5 33. Ke2 Bd4 34.
Nf5 c5 35. f4 Bxf5 36. exf5 e4 37. Re1 Kf6 38. h5 Kxf5 39. h3 Ra2 40. Kd1 Ra6
41. Ke2 g6 42. Be3 Ra2 43. Rc1 gxh5 44. Kf2 Ra6 45. Rd1 Rg6 46. h4 Rg8 47. Re1
Rg4 48. Kf1 Rg3 0-1

[Event "FRA T I 120102011"]
[Site "FRA"]
[Date "2010.11.13"]
[Round "2.5"]
[White "Remille, Tristan"]
[Black "Mombiela Martinez, Gonzalo"]
[Result "1-0"]
[WhiteElo "2220"]
[BlackElo "2091"]
[PlyCount "95"]
[EventDate "2010.10.17"]
[EventType "team-match"]
[EventRounds "9"]
[EventCountry "FRA"]
[Source "FFE"]
[SourceDate "2010.10.29"]
[WhiteTeamCountry "FRA"]
[BlackTeamCountry "FRA"]

1. d4 d5 2. c4 e6 3. Nc3 f5 4. Bf4 c6 5. e3 Nf6 6. Bd3 Bd6 7. Nf3 O-O 8. O-O
Ne4 9. Qc2 Qe7 10. c5 Bc7 11. b4 b6 12. Ne2 Bb7 13. Rfc1 Bxf4 14. exf4 Nd7 15.
Qb2 Rfc8 16. a4 Rc7 17. cxb6 axb6 18. a5 bxa5 19. Rxa5 Rac8 20. Nc3 Qd6 21. g3
Rb8 22. Na4 Bc8 23. Nc5 Nexc5 24. dxc5 Qe7 25. Qa3 Bb7 26. Re1 Qf6 27. Ra7 h6
28. Ba6 Nf8 29. Qa5 Re7 30. Ne5 Ba8 31. Rxe7 Qxe7 32. Bd3 Bb7 33. Qb6 Qd8 34.
Qa7 Qc8 35. Qa5 Ra8 36. Qb6 Nd7 37. Nxd7 Qxd7 38. b5 Ra3 39. Bf1 d4 40. Bg2 d3
41. bxc6 d2 42. Rd1 Bxc6 43. Bxc6 Qd3 44. Qb2 Qa6 45. Bg2 Ra2 46. Qc3 Qa4 47.
Rxd2 Ra1+ 48. Bf1 1-0

[Event "FRA T I 120102011"]
[Site "FRA"]
[Date "2010.10.17"]
[Round "1.4"]
[White "Tisseyre, Yannick"]
[Black "Dussol, Pierre"]
[Result "0-1"]
[WhiteElo "2102"]
[BlackElo "2167"]
[PlyCount "96"]
[EventDate "2010.10.17"]
[EventType "team-match"]
[EventRounds "9"]
[EventCountry "FRA"]
[Source "FFE"]
[SourceDate "2010.10.29"]
[WhiteTeamCountry "FRA"]
[BlackTeamCountry "FRA"]

1. d4 Nf6 2. Nf3 g6 3. g3 Bg7 4. Bg2 O-O 5. O-O c5 6. d5 d6 7. c4 b5 8. cxb5 a6
9. bxa6 Bxa6 10. Nc3 Nbd7 11. h3 Qb6 12. Re1 Rfb8 13. e4 Ne8 14. Qc2 Qb4 15.
Kh2 Nc7 16. e5 dxe5 17. Nd2 Ra7 18. a3 Qd4 19. Nde4 Bd3 20. Qd1 Bxe4 21. Nxe4
f5 22. Qc2 Qa4 23. Qxa4 Rxa4 24. Nc3 Ra5 25. Rb1 Rb3 26. d6 exd6 27. Nd5 Ne8
28. Nc3 e4 29. Bd2 Ra7 30. Bf1 Ne5 31. Bf4 Nf3+ 32. Kh1 Rxc3 33. bxc3 Nxe1 34.
Bc4+ Kf8 35. Rxe1 Bxc3 36. Rb1 Ke7 37. Rb8 Nc7 38. Bg8 Be5 39. Bh6 d5 40. Bxh7
c4 41. Bxg6 Kf6 42. Rb6+ Ne6 43. Be8 Bd4 44. Rc6 Bxf2 45. Kg2 Bc5 46. h4 c3 47.
Bh5 Bd4 48. Bg5+ Ke5 0-1

[Event "FRA T I 120102011"]
[Site "FRA"]
[Date "2010.10.17"]
[Round "1.2"]
[White "Sanchez, Nicolas"]
[Black "Ducret, Thomas"]
[Result "1-0"]
[WhiteElo "2169"]
[BlackElo "2165"]
[PlyCount "93"]
[EventDate "2010.10.17"]
[EventType "team-match"]
[EventRounds "9"]
[EventCountry "FRA"]
[Source "FFE"]
[SourceDate "2010.10.29"]
[WhiteTeamCountry "FRA"]
[BlackTeamCountry "FRA"]

1. d4 Nf6 2. Nf3 e6 3. c4 Bb4+ 4. Nbd2 b6 5. e3 Bb7 6. Bd3 O-O 7. O-O d5 8. b3
c5 9. Bb2 cxd4 10. exd4 Nc6 11. a3 Bxd2 12. Qxd2 Na5 13. Qc2 dxc4 14. bxc4 Bxf3
15. gxf3 Rc8 16. Qe2 Qd6 17. Kh1 Nh5 18. d5 Nf4 19. Be5 Nxe2 20. Bxd6 Rfd8 21.
c5 bxc5 22. Ba6 exd5 23. Bxc8 Rxc8 24. Rae1 Nc4 25. Bxc5 Rxc5 26. Rxe2 g6 27.
a4 d4 28. Rd1 Rd5 29. Re4 Nb6 30. Rdxd4 Ra5 31. Kg2 h5 32. f4 Kg7 33. Re5 Rxa4
34. Rxa4 Nxa4 35. Ra5 Nb6 36. Rxa7 Nc8 37. Rd7 Nb6 38. Rd4 Nc8 39. Rd7 Nb6 40.
Rd8 Nc4 41. Kf3 Na5 42. Ke4 Nc6 43. Rd7 Kf8 44. f5 Ke8 45. Rc7 gxf5+ 46. Kxf5
Nd4+ 47. Kf6 1-0

[Event "FRA T I 120102011"]
[Site "FRA"]
[Date "2010.11.13"]
[Round "2.8"]
[White "Alaux, Sophie"]
[Black "Bianchi, Florence"]
[Result "1/2-1/2"]
[WhiteElo "1650"]
[BlackElo "1774"]
[PlyCount "91"]
[EventDate "2010.10.17"]
[EventType "team-match"]
[EventRounds "9"]
[EventCountry "FRA"]
[Source "FFE"]
[SourceDate "2010.10.29"]
[WhiteTeamCountry "FRA"]
[BlackTeamCountry "FRA"]

1. e4 Nf6 2. e5 Nd5 3. d4 d6 4. Nf3 Nb6 5. Be2 Nc6 6. O-O dxe5 7. dxe5 Bg4 8.
Bb5 Qxd1 9. Rxd1 Bxf3 10. gxf3 e6 11. Nc3 Be7 12. b3 O-O 13. Bxc6 bxc6 14. Ne4
a5 15. c4 Rfd8 16. Be3 Nd7 17. f4 f6 18. exf6 gxf6 19. Rd3 Kf7 20. Rad1 Nf8 21.
Nc5 Rxd3 22. Rxd3 Bd6 23. Nb7 Be7 24. Kf1 Ng6 25. Rd7 Rc8 26. Nxa5 Nf8 27. Rd2
Bb4 28. Nxc6 Bxd2 29. Bxd2 Ra8 30. a4 Ke8 31. a5 Kd7 32. Nd4 c5 33. Nb5 Kc6 34.
Ke2 Nd7 35. Kd3 Nb8 36. Bc3 f5 37. Ke3 Na6 38. Kd3 Rd8+ 39. Kc2 Nb4+ 40. Bxb4
cxb4 41. a6 h5 42. a7 Kb7 43. h3 h4 44. f3 Rd7 45. Kc1 Rd3 46. Kc2 1/2-1/2

[Event "FRA T I 120102011"]
[Site "FRA"]
[Date "2010.11.14"]
[Round "3.7"]
[White "Patetif, Dyanna"]
[Black "Bricard, Herve"]
[Result "0-1"]
[WhiteElo "1770"]
[BlackElo "2055"]
[PlyCount "92"]
[EventDate "2010.10.17"]
[EventType "team-match"]
[EventRounds "9"]
[EventCountry "FRA"]
[Source "FFE"]
[SourceDate "2010.10.29"]
[WhiteTeamCountry "FRA"]
[BlackTeamCountry "FRA"]

1. d4 Nf6 2. Bg5 d5 3. e3 Nbd7 4. f4 Ne4 5. h4 c6 6. c3 Qb6 7. Qc2 Ndf6 8. Bd3
e6 9. Nd2 Nxd2 10. Bxf6 gxf6 11. Qxd2 Bd7 12. Nf3 c5 13. Rc1 Bb5 14. Bb1 O-O-O
15. Kf2 Kb8 16. Rhe1 f5 17. Ne5 Be8 18. Nd3 c4 19. Ne5 f6 20. Nf3 Bh5 21. Qc2
Bxf3 22. Kxf3 Rd7 23. b3 Ba3 24. Rcd1 cxb3 25. axb3 Rc7 26. Ba2 Qc6 27. Rd3
Rhc8 28. Kf2 Bb4 29. c4 Bxe1+ 30. Kxe1 Rg7 31. Kf1 Rcg8 32. Rd2 Qa6 33. b4 Rc8
34. b5 Qa3 35. Rd3 Qa5 36. Rc3 Rgc7 37. Kf2 Qb4 38. c5 Qxb5 39. Rb3 Qc6 40. Qd3
Ka8 41. Bb1 Rb8 42. Qd2 b6 43. Qb2 Rcb7 44. cxb6 Rxb6 45. Rxb6 Rxb6 46. Qa2 Qc3
0-1

[Event "FRA T I 120102011"]
[Site "FRA"]
[Date "2010.11.13"]
[Round "2.8"]
[White "Allamel, Benjamin"]
[Black "Belluire, Beatrice"]
[Result "1-0"]
[WhiteElo "1531"]
[BlackElo "1440"]
[PlyCount "89"]
[EventDate "2010.10.17"]
[EventType "team-match"]
[EventRounds "9"]
[EventCountry "FRA"]
[Source "FFE"]
[SourceDate "2010.10.29"]
[WhiteTeamCountry "FRA"]
[BlackTeamCountry "FRA"]

1. e4 d5 2. exd5 Nf6 3. c4 c6 4. dxc6 Nxc6 5. h3 e5 6. Nc3 Bf5 7. a3 Qd7 8. Nf3
e4 9. Nh4 Be6 10. d3 g5 11. Bxg5 Be7 12. dxe4 Qxd1+ 13. Rxd1 Rg8 14. Nf3 Nd7
15. Bxe7 Kxe7 16. Nd5+ Kf8 17. b4 Rd8 18. Be2 Ne7 19. g4 f6 20. Nd4 Bf7 21. Nf5
Nxf5 22. gxf5 Bxd5 23. Rxd5 Ke7 24. f4 Nb6 25. Rxd8 Rxd8 26. c5 Na4 27. Kf2 Nc3
28. Ke3 Nxe2 29. Kxe2 Rd7 30. Rd1 Rxd1 31. Kxd1 Kf7 32. Ke2 Ke7 33. b5 Kd7 34.
e5 Ke7 35. Kd3 b6 36. c6 fxe5 37. fxe5 h6 38. c7 Kd7 39. f6 Kxc7 40. f7 Kd7 41.
f8=Q Ke6 42. Qf6+ Kd7 43. Qf7+ Kc8 44. e6 Kb8 45. e7 1-0

[Event "FRA T I 120102011"]
[Site "FRA"]
[Date "2010.10.17"]
[Round "1.7"]
[White "Larribere, Hadrien"]
[Black "Leblic, Pierre"]
[Result "1-0"]
[WhiteElo "1931"]
[BlackElo "1730"]
[PlyCount "89"]
[EventDate "2010.10.17"]
[EventType "team-match"]
[EventRounds "9"]
[EventCountry "FRA"]
[Source "FFE"]
[SourceDate "2010.10.29"]
[WhiteTeamCountry "FRA"]
[BlackTeamCountry "FRA"]

1. d4 Nf6 2. c4 g6 3. Nc3 d5 4. cxd5 Nxd5 5. e4 Nxc3 6. bxc3 Bg7 7. Nf3 c5 8.
Be3 Nc6 9. Bc4 O-O 10. h3 Qa5 11. Qd2 cxd4 12. cxd4 Qxd2+ 13. Kxd2 Rd8 14. Kc3
Bd7 15. Rac1 Rac8 16. Kb2 Na5 17. Bd5 Bc6 18. Bxc6 Nxc6 19. Rhd1 Na5 20. Rxc8
Rxc8 21. Nd2 Nc4+ 22. Nxc4 Rxc4 23. Kb3 b5 24. e5 e6 25. Rc1 Rxc1 26. Bxc1 Bf8
27. Bd2 Be7 28. Ba5 Kf8 29. Bb4 Ke8 30. Bxe7 Kxe7 31. Kb4 a6 32. Ka5 Kd7 33.
Kb6 b4 34. f4 h5 35. h4 a5 36. Kxa5 Kc6 37. Kxb4 Kb6 38. a4 Ka6 39. a5 Ka7 40.
Kb5 Kb7 41. a6+ Ka7 42. g3 Kb8 43. Kc6 Ka7 44. Kd7 Kxa6 45. Ke7 1-0

[Event "FRA T I 120102011"]
[Site "FRA"]
[Date "2010.11.14"]
[Round "3.7"]
[White "Laboucarie, Gabriel"]
[Black "Belluire, Patrice"]
[Result "1-0"]
[WhiteElo "1840"]
[BlackElo "1981"]
[PlyCount "85"]
[EventDate "2010.10.17"]
[EventType "team-match"]
[EventRounds "9"]
[EventCountry "FRA"]
[Source "FFE"]
[SourceDate "2010.10.29"]
[WhiteTeamCountry "FRA"]
[BlackTeamCountry "FRA"]

1. e4 d5 2. exd5 Nf6 3. c4 c6 4. dxc6 Nxc6 5. Nc3 e5 6. d3 Qb6 7. Na4 Bb4+ 8.
Bd2 Qa5 9. Nc3 Bg4 10. Be2 Bxe2 11. Ngxe2 Qd8 12. Qc2 Qd7 13. Rd1 O-O-O 14. a3
Bc5 15. Ne4 Nd4 16. Nxd4 Bxd4 17. O-O Ne8 18. Rfe1 h6 19. Be3 f5 20. Nc3 Nf6
21. Bxd4 exd4 22. Nb1 Ng4 23. h3 Nf6 24. Nd2 g5 25. Re2 Rhe8 26. Rde1 Rxe2 27.
Rxe2 Qc6 28. b4 a6 29. Nb3 Qd7 30. Nc5 Qf7 31. Qb2 Rd6 32. a4 f4 33. Ne4 Rd8
34. b5 axb5 35. cxb5 Nxe4 36. Rxe4 Qd7 37. Qb4 b6 38. Qc4+ Kb8 39. Re6 Kb7 40.
Rxh6 Rc8 41. Qb4 Rc5 42. Rxb6+ Kxb6 43. a5+ 1-0

[Event "FRA T I 120102011"]
[Site "FRA"]
[Date "2010.10.17"]
[Round "1.6"]
[White "Bricard, Herve"]
[Black "Ortega Lopez, Adrian"]
[Result "1-0"]
[WhiteElo "205"]
[BlackElo "1885"]
[PlyCount "83"]
[EventDate "2010.10.17"]
[EventType "team-match"]
[EventRounds "9"]
[EventCountry "FRA"]
[Source "FFE"]
[SourceDate "2010.10.29"]
[WhiteTeamCountry "FRA"]
[BlackTeamCountry "FRA"]

1. e4 c5 2. Nc3 d6 3. g3 g6 4. Bg2 Bg7 5. Nge2 e6 6. O-O Ne7 7. d4 cxd4 8. Nxd4
Nbc6 9. Ndb5 O-O 10. Nxd6 Nb4 11. Bg5 f6 12. Nxc8 Rxc8 13. Bd2 b6 14. a3 Nbc6
15. f4 Qd4+ 16. Rf2 Rfd8 17. Qf3 Qc5 18. Be3 Nd4 19. Bxd4 Rxd4 20. Rd1 Nc6 21.
Bf1 Rxd1 22. Qxd1 Rd8 23. Bd3 Na5 24. Qf1 Bf8 25. f5 exf5 26. exf5 gxf5 27.
Bxf5 Rd2 28. Ne4 Rxf2 29. Qxf2 Qxf2+ 30. Kxf2 Kf7 31. Bxh7 Nc4 32. b3 Nxa3 33.
Nc3 Bb4 34. Nd5 Bc5+ 35. Ke2 Nb5 36. c3 Bd6 37. Bd3 Nc7 38. Ne3 Ne6 39. Bc4 Ke7
40. Nf5+ Kd7 41. Bxe6+ Kxe6 42. Nxd6 1-0

[Event "FRA T I 120102011"]
[Site "FRA"]
[Date "2010.11.13"]
[Round "2.6"]
[White "Redon, Philippe"]
[Black "Laboucarie, Gabriel"]
[Result "1-0"]
[WhiteElo "2016"]
[BlackElo "1840"]
[PlyCount "83"]
[EventDate "2010.10.17"]
[EventType "team-match"]
[EventRounds "9"]
[EventCountry "FRA"]
[Source "FFE"]
[SourceDate "2010.10.29"]
[WhiteTeamCountry "FRA"]
[BlackTeamCountry "FRA"]

1. e4 e6 2. d3 c5 3. Nd2 Nc6 4. Ngf3 d5 5. g3 Nf6 6. Bg2 Be7 7. O-O O-O 8. e5
Nd7 9. Re1 Qc7 10. Qe2 b5 11. Nf1 a5 12. h4 Ba6 13. Bf4 Rac8 14. Ne3 b4 15.
Nxd5 exd5 16. e6 Bd6 17. Bxd6 Qxd6 18. exd7 Qxd7 19. Ne5 Nxe5 20. Qxe5 Rfd8 21.
Kh2 Rc7 22. Bxd5 Kf8 23. Bg2 Re8 24. Qxe8+ Qxe8 25. Rxe8+ Kxe8 26. Re1+ Kd7 27.
Bd5 Kd6 28. Be4 h6 29. Kg1 Re7 30. Rd1 f6 31. f4 Bc8 32. Kf2 Bg4 33. Re1 f5 34.
Bg2 Rxe1 35. Kxe1 Bh5 36. Bh3 Bg4 37. Bxg4 fxg4 38. Kd2 Kd5 39. c3 h5 40. Ke3
g6 41. c4+ Kd6 42. b3 1-0